000 00312nam a22001337a 4500
008 170829b xxu||||| |||| 00| 0 eng d
020 _a9780205791842
041 _aeng
080 _23RD
_a070
100 _a39
101 _aMED
245 _aPRINCIPLES OF WRITING RESEARCH PAPERS
_cLESTER,J,D
942 _2udc
_cBK
999 _c25372
_d25372